Návrh opatrení na zlepšenie využitia ekonomických a neekonomických motivátorov ako nástrojov zvyšovania produktivity práce v INA Skalica, s.r.o.

Na minha lista:
Detalhes bibliográficos
Autor principal: Pálka, Roman, 1981- (Author)
Outros Autores: Nováková, Renáta, 1968- (Thesis advisor)
Formato: Manuscrito Livro
Idioma:eslovaco
Publicado em: Trnava : STU v Bratislave MTF UPMK KIK, 2010
Assuntos:
Acesso em linha:VAIS
Tags: Adicionar Tag
Sem tags, seja o primeiro a adicionar uma tag!

MARC

LEADER 00000ntm a22000003a 4500
001 stu217543
005 20160719160406.0
008 101127s2010----xo------------------slo-d
040 |a STU  |b slo 
041 0 |a slo 
044 |a xo 
100 1 |a Pálka, Roman,  |d 1981-  |4 aut  |X 37604  |7 A000037604 
242 0 0 |a Draft measures to improve the use of economic and non-economic motivators as tools to increase labour productivity in INA Skalica, Ltd.  |y eng 
245 1 |a Návrh opatrení na zlepšenie využitia ekonomických a neekonomických motivátorov ako nástrojov zvyšovania produktivity práce v INA Skalica, s.r.o. 
260 |a Trnava :  |b STU v Bratislave MTF UPMK KIK,  |c 2010 
650 7 |a kvalita produkcie  |2 stusub 
650 7 |a Quality of Production  |2 estusub 
650 7 |a motivation  |2 estusub 
650 7 |a productivity  |2 estusub 
650 7 |a kvalita  |2 stusub 
650 7 |a produktivita  |2 stusub 
650 7 |a quality  |2 estusub 
700 1 |a Nováková, Renáta,  |d 1968-  |4 ths  |u M300  |U MTF Ústav priemyselného inžinierstva a manažmentu  |T MTF Katedra inžinierstva kvality  |X 1481  |U M300  |Y M300  |7 A000001481 
856 4 |a info a plný text  |u http://is.stuba.sk/zp/portal_zp.pl?podrobnosti=27015  |3 VAIS 
996 |c M*BP-4575  |l MMSKP  |s P  |a 0  |w stu217543_0001